000 00758nam a2200181Ia 4500
008 090124s9999 xx 000 0 und d
082 _b28527
_a3809
100 _aगडकरी माधव.
245 _a दृष्टिक्षेप = इंदिरा ते चंद्रशेखर खंड 1984 ते 1990
250 _a1
260 _c1996
300 _a212
600 _aगडकरी माधव.
630 _a दृष्टिक्षेप = इंदिरा ते चंद्रशेखर खंड 1984 ते 1990
700 _aगडकरी माधव.
730 _a दृष्टिक्षेप = इंदिरा ते चंद्रशेखर खंड 1984 ते 1990
942 _cBOOK
999 _c141983
_d141983